[Event "Gibraltar Challengers op-B"]
[Site "Caleta"]
[Date "2020.01.29"]
[Round "5"]
[White "Filipovich, David"]
[Black "Kaplan, Amiram"]
[Result "1-0"]
[WhiteElo "1995"]
[BlackElo "1880"]
[PlyCount "63"]
[EventDate "2020.01.25"]
[EventType "swiss"]
[EventRounds "5"]
[EventCountry "GGB"]
[SourceTitle "CBM 194 Extra"]
[Source "ChessBase"]
[SourceDate "2020.03.31"]
[SourceVersion "1"]
[SourceVersionDate "2020.03.31"]
[SourceQuality "1"]

1. Nf3 c5 2. g3 Nf6 3. Bg2 Nc6 4. 0-0 e5 5. c4 d6 6. Nc3 Be7 7. b3 0-0 8. Bb2 Bg4 9. h3 Be6 10. e3 Qd7 11. Ng5 h6 12. Nxe6 fxe6 13. f4 exf4 14. gxf4 d5 15. f5 dxc4 16. fxe6 Qxe6 17. bxc4 Kh8 18. Nd5 Rac8 19. Qe1 b6 20. Qg3 Bd6 21. Qh4 Be5 22. d4 cxd4 23. exd4 Bb8 24. Nxf6 Rxf6 25. d5 Rxf1+ 26. Rxf1 Qd6 27. Rf7 Qh2+ 28. Kf1 Ne5 29. Rf2 Kg8 30. Be4 Rf8 31. Rxf8+ Kxf8 32. Ba3+ 1-0

[Event "Seinajoki CSIT Championship"]
[Site "Seinajoki"]
[Date "2014.06.??"]
[Round "4"]
[White "Kaplan, Amiram"]
[Black "Gordon, Evgeny"]
[Result "1/2-1/2"]
[WhiteElo "2010"]
[BlackElo "2055"]
[PlyCount "33"]
[EventDate "2014.06.05"]
[EventType "swiss"]
[EventRounds "5"]
[EventCountry "FIN"]
[SourceTitle "EXT 2022"]
[Source "ChessBase"]
[SourceDate "2021.10.06"]
[SourceVersion "1"]
[SourceVersionDate "2021.10.06"]
[SourceQuality "1"]

1. e4 d6 2. d4 Nf6 3. Nc3 e5 4. Nf3 Nbd7 5. Bc4 Be7 6. h3 0-0 7. Bb3 c6 8. 0-0 b6 9. Re1 Bb7 10. a4 a6 11. Bg5 Qc7 12. Qd2 Rfe8 13. Rad1 Rad8 14. Qe3 Nf8 15. dxe5 dxe5 16. Bxf6 Bxf6 17. Ng5 1/2-1/2